000 00755nam a2200265Ia 4500
001 50650
005 20230411090004.0
008 070201s2006 bl 001 0 por d
035 _a(OCoLC)ocm81145042
040 _aTHL
_cTHL
020 _a8530910311
020 _a9788530910310
035 _a(OCoLC)81145042
090 _aK294
_b.M39 2006
049 _aGRAL
100 1 _aMaximiliano, Carlos.
245 1 0 _aHermeneutica e aplicacao do direito /
_cCarlos Maximiliano.
250 _a19a ed.
260 _aRio de Janeiro :
_bEditora Forense,
_c2006.
300 _a342 p. ;
_c24 cm.
504 _aIncludes bibliographical references and indexes.
650 0 _aLaw
_xInterpretation and construction.
942 _2lcc
_cbk
994 _aC0
_bDRFGD
999 _c110490
_d110490